MDQL
is popping MORE tags! Check the
thread
!
Quizzes
Events
Quiz Creation
Community
Videos
Private Events
Remove Ads
Sign In
Join for FREE
Feedback
Dark Mode
Quiz Categories
Sports
Geography
Music
Movies
Television
Just For Fun
Miscellaneous
History
Literature
Language
Science
Gaming
Entertainment
Religion
Holiday
For Kids
Quiz Lab
Recent
Popular Today
Quiz Kudos Today
Editor Picks
Curator Picks
Quizzes by...
Day
Popularity
Type
Ratings
Length
Year
Community
Subscriptions
Recent Discussions
Orange Saloon
Badges
Playlists
Quests
Create
Leaderboards
Showdown
Live 5
Trivia Bingo
Activity
Puzzle Library
Sporcle Events
Private Events
Virtual Trivia
Globe League
Become a Host
Pub Owners
SporcleCon
Opinionation
Our Games
Videos
Blog
Mobile Apps
Partnerships
Remove Ads and Go Orange
Feedback
Sports
Athletes
MLB
NBA
NHL
NFL
Soccer
Sports Teams
WWE
NCAA
Football
Premier League
Basketball
Baseball
Hockey
Golf
Tennis
Cricket
Rugby
Auto Racing
Olympics
World Cup
Sports
Athletes
MLB
NBA
NHL
NFL
Soccer
Sports Teams
WWE
NCAA
Football
Premier League
Basketball
Baseball
Hockey
Golf
Tennis
Cricket
Rugby
Auto Racing
Olympics
World Cup
Random Quiz
Search Sporcle
×
Quiz Lab
Quiz Lab
Sports
NFL
Type in answers that appear in a list
Type in answers that appear in a list
Classic
Best Score? Go Orange.
NFL Top 40 Receivers of 2012 (Minefield) Stats
Can you name the Top 40 NFL Receiving yards leaders of 2012 without naming ones 41-80?
By
27packers
8m
40 Questions
860 Plays
860 Plays
860 Plays
Comments
Comments
Give Quiz Kudos
Give Quiz Kudos
-
- Ratings
hide this ad
Minefield
Wrong answers will end the quiz
Wrong answers will end the quiz
Wrong Answers
Some wrong answers will appear in red
Some wrong answers will appear in red
Replay
Link that replays current quiz
Next Quiz
Link to next quiz in quiz playlist
You Got
0%
They Got
Avg Score
45%
Avg Friend Score
Upgrade to see
Score Distribution
Jump to the score distribution portion of the page
Score
0/40
Timer
08:00
0
Plays Today
Team
Player
% Correct
HOU
???
89.3%
BUF
???
88.8%
CHI
???
81.6%
DEN
???
78.7%
TB
???
78%
DAL
???
77.3%
IND
???
75.1%
NE
???
72.2%
CAR
???
71.9%
ATL
???
71.4%
BAL
???
71.3%
ATL
???
70.9%
CIN
???
69.3%
NO
???
63.8%
NYG
???
59.2%
SF
???
58.4%
NO
???
58.1%
DEN
???
57.8%
DAL
???
50.6%
MIA
???
43.6%
Team
Player
% Correct
TB
???
40.9%
NO
???
40.1%
JAC
???
40%
DAL
???
36.7%
ATL
???
32.7%
BAL
???
31.5%
JAC
???
27.2%
GB
???
25.2%
PIT
???
22.6%
KC
???
22.6%
IND
???
21.3%
PHI
???
17.9%
CLE
???
17.1%
NE
???
15.5%
CAR
???
12.7%
PIT
???
9.8%
SD
???
9.8%
NYJ
???
7.2%
OAK
???
7%
DET
???
6%
Quiz Playlist
Details
Report
Send in Message
Add To Playlist
Classic:
Type in answers that appear in a list
Minefield:
Wrong answers will end the quiz
Wrong Answers:
Some wrong answers will appear in red
Quiz Source
Last Updated: Feb 16, 2017
Quiz Scoreboard
CHALLENGE
Sign Up to Join the Scoreboard
Show All
Scores
Hide
Comments
May contain spoilers
Recently Published
Holiday 10x10 Sorting Gallery
by lukepisani3
Holiday
15m
Two Season TV Shows II
by 123Four
Television
10m
Image Sorting: Flags VI
by Barbecue
Geography
2m
More to Explore
Quiz From the Vault
Featured Blog Post
14 Easter Pick-up Lines to Find Eggs With
hide this ad
You Might Also Like...
Tags
Minefield Quiz
NFL Quiz
2012
Player
Receiver
Receiving
team
Top 40
Yard
Today's Top Quizzes in Sports
Browse Sports
hide this ad
Today's Top Quizzes in NFL
Browse NFL
Top Contributed Quizzes in Sports
1
Les meilleurs buteurs des matchs entre le PSG et l’OM
2
Les entraîneurs de l'OM et du PSG au 21e siècle
3
2022 World Cup Stars
4
Les joueurs passés par le PSG et l'OM
5
Players with Multiple 50 Home Run Seasons
6
FIFA Club World Cup Champions
7
Top 10 NHL Goal Scorers of All Time
8
Les joueurs passés par le LOSC et le RC Lens
9
Criteria MLB: Left Handed Sluggers
10
2023 MLB Unique Player Accomplishments
Explore More
Trending Topics
Crossword
Kpop
Marvel
NBA
Anime
Harry Potter
Disney
Song
The Office
Puzzle
WWE
Soccer
Pokémon
NFL
Country
hide this ad
More By:
27packers
Quiz
Plays
Rating
Category
Featured
Created
Match the Cereals
128,667
3.94
Miscellaneous
Dec 30, 2012
NFL Starting QBs (Miami Dolphins)
50,522
4.47
Sports
Jan 13, 2013
2012 March Madness Teams (Clickable)
23,107
3.40
Sports
Mar 29, 2012
Minefield Top 40 NFL Receiving Yards 2011
17,914
3.30
Sports
Jan 24, 2012
NFL Top 50 Passers Since 2000
16,198
4.77
Sports
Jan 25, 2013
Go to Creator's Profile
Score Distribution
Quiz Creator Spotlight
27packers
Follow
Send a Message
Quizzes Created
-
Created Quiz Play Count
-
More By This Creator
Popular Quizzes Today
1
Find the US States - No Outlines Minefield
2
Colored Red Africa Blitz
3
Find the 'City' Movie
4
The Countries of the World
5
Find the US States
6
5x2 Blitz: Bands
7
Find the Countries of Europe - No Outlines Minefield
8
US States
More Sports Quizzes
Premier League Logos 2022/23
Editor's Pick
Trending Quizzes
Colored Red Europe Blitz I
Colored Red Europe Blitz II
Colored Red Africa Blitz II
Colored Red Europe Blitz III
Colored Red Africa Blitz III
Recently Updated
Odd Team Out - Big 4 Players
pecheneg
Quick Pick: 20 Twenties
pecheneg
March Madness Men's Triple Doubles
pecheneg
How Do You Spell That?
pecheneg
Godzilla Movies
pecheneg
Grab Bag: 4-10 Letters
pecheneg
2024 March Madness Bracket
pecheneg
Famous TV Couples
Peacemaker
Champions League XIs: Real Madrid
pecheneg
Largest US Cities 1790-2010
pecheneg
Trending Topics
Kpop
NBA
Marvel
Disney
Harry Potter
Anime
Crossword
The Office
Pokémon
NFL
Country
Song
Soccer
Puzzle
WWE
Your Account Isn't Verified!
In order to create a playlist on Sporcle, you need to verify the email address you used during registration. Go to your
Sporcle Settings
to finish the process.
Report this User
Report this user for behavior that violates our
Community Guidelines
.
Details:
Send Report
Go to the Sporcle.com Mobile Site →
Comments